000 00461nam a2200217Ia 4500
001 081044
003 YMCAF
005 20230512161331.0
008 100717s2001 ||||||||||||||||| ||und|d
024 _a81044
035 _a20504
040 _aYMCAF
_beng
_cIN-KoLT
041 _aeng
082 _a539
_bBEI
100 _aBeiser, Arther
245 0 _aConcepts of modern physics
250 _a5th
260 _bTMH
_c2001
300 _a534
942 _2ddc
_cBK
999 _c8224
_d8224